000 00593nam a2200181Ia 4500
001 7689
005 20260306160513.0
008 260306t2013||||xx |||||||||||||| ||spa||
041 _aESP
082 _a354.328
_bO65A
100 _aMinisterio del Ambiente
_eAUT
245 0 _aLineamientos para la aplicación de las medidas correctivas previstas en el literal d) del numeral 22.2 del artículo 22 º de la ley nº 29325 - Ley del Sistema Nacional de Evaluación y Fiscalización Ambiental
260 _c2013
300 _a
_c
650 _aGEN
654 _aCIA
942 _cLIB
_dJUS
_fJUS
_2ddc
_n
999 _c7689
_d7689